000 00702nas a2200241 i 4500
001 2189
003 ES-MaACL
005 20250217134545.0
007 t|
008 950801d19561983sp w| | 1 ||pa d
080 _a(460)
080 _a05
245 0 0 _aSábado gráfico.
260 _aMadrid :
_bSábado Gráfico,
_c1956-1983.
300 _a36. v :
_bgrab. ;
_c34 cm.
310 _aSemanal
362 0 _aNº 1 (6 oct. 1956) - nº 1363 (1 oct. 1983)
650 1 4 _aRevistas de información general.
_916896
700 1 _aSuárez, Eugenio,
_edir.
_9108556
852 _aES-MaACL
_jHEM-H-182
_xhem-1647
_d
866 0 _o1975-77(1978f.n.1104)1979-80(1981f.n.1271)1982-83
999 _c2189
_d2189